000 01148nam a22003497a 4500
003 CHAP
005 20220329133952.0
008 971013s1994 r 00010 d
010 _a13395
011 _a14367
035 _a18440
040 _cCHAP
090 _aTesis
100 0 0 _aMendoza Ramírez, Oscar.
_974728
245 _aDiseño de una sembradora de lenteja para tracción animal
260 _aChapingo, Méx. :
_bEl autor,
_c1994
300 _a86 h.
_b: ilus.
_e+ 1 plano
502 _aTesis (Ing. Mecánico Agrícola) -- UACH. Departamento de Ingeniería Mecánica Agrícola
590 _aALEPH
_b10
_c20130110
_lUCH01
_h1232
590 _aBATCH-UPD
_b10
_c20130110
_lUCH01
_h1004
590 _aBATCH-UPD
_b10
_c20130410
_lUCH01
_h0614
590 _aBATCH-UPD
_b10
_c20130914
_lUCH01
_h1307
590 _aCONVERSION
_b10
_c20130109
_lUCH01
_h1309
650 1 4 _aEnergía animal.
_936889
650 1 4 _aLenteja.
_966009
650 1 4 _aMaquinaria agrícola
_xDiseño.
_971168
650 1 4 _aSembradoras.
_9103854
700 0 _aRosales, J. Sergio.
_999950
901 _aBK
942 _cTESIS
949 _bBC
_cTES
_d-43018
_eTS1
_h30212
_i18440
_si
999 _c13395
_d13395